000
00318nam a2200109Ia 4500
008
200302s9999 xx 000 0 und d
100
_a
Ashrae
245
_a
Energy cost Allocation for Multiple- Occupancy Residential Buildings
260
_b
American Society of Heating Engineers Inc.
260
_c
1994
300
_a
141 P.,
999
_c
2119
_d
2119